000 01558cam a2200325Ia 4500
001 9780203942901
003 BD-DhSAU
005 20151012151723.0
006 a|||||s|||||||||||
007 cr||||
008 121128s2006 nyuad sb 101 0 eng d
020 _a9780203942901 (e-book : PDF)
040 _aBD-DhSAU
_cBD-DhSAU
090 _aHQ755.8
_b.P379128 2006
092 _a306.874
_bP228
245 0 0 _aParenting beliefs, behaviors, and parent-child relations
_h[electronic resource] :
_ba cross-cultural perspective /
_cedited by Kenneth H. Rubin, Ock Boon Chung.
260 _aNew York :
_bPsychology Press,
_c2006.
300 _aix, 228 p. :
_bill.
500 _aPapers from a three day workshop sponsored by the International Society for the Study of Behavioural Development, held at Seoul National University, South Korea, June 2003.
504 _aIncludes bibliographical references and index.
505 0 _aI. Culture and parenting -- II. Cultural perspectives on parents' beliefs about childhood, parenting, and parent-child relationships -- III. Cultural perspectives on parent-child and family relationships.
530 _aAlso available in print edition.
538 _aMode of access: World Wide Web.
650 0 _aParenting
_vCross-cultural studies
_vCongresses.
655 7 _aElectronic books.
_2lcsh
700 1 _aRubin, Kenneth H.
700 1 _aChung, Ock Boon.
776 1 _z184169438X (hardback : alk. paper)
_z9781841694382 (hardback : alk. paper)
856 4 0 _uhttp://www.tandfebooks.com/isbn/9780203942901
999 _c13080
_d13079